Vrai ou Faux football #1 - Statistiques

Statistiques générales
  • Ce quiz a été pris 539 fois
  • Le résultat moyen est 10 sur 15
Statistiques - réponses
Question Réponse % Correct
Ronaldo détient le record de ballon d'or remporté par une personne. Faux
91%
Neymar a déja gagner le ballon d'or. Vrai ou faux. Faux
91%
Le Maroc a remporté la semi-finale de la coupe du monde 2022. Vrai ou faux. Faux
89%
Un jeune joueur ivoirien,agé de 21 ans, est mort en plein match suite à un malaise cardiaque. Vrai
88%
En 2002, le turc Hakan Sukur marque un but 11 secondes après le début du match contre la Corée du Sud.Vrai ou faux. Vrai
80%
La star du football Lionel Messi a déja pris des hormones de croissances. Vrai ou faux Vrai
78%
Pelé a été le footballeur le plus jeune de l'histoire a soulever la coupe. Vrai
77%
Neymar est enfant unique. Vrai ou faux. faux
71%
Messi a trois garçons et une fille. Vrai ou faux Faux
70%
Pour les qualifications au mondial de 2002, l'Australie a écrasé les iles Samoa 31-0. Vrai ou faux. Vrai
70%
Question Bonus: En 1986, Jorge Nino a inscrit trois buts dans sa propre cage, avec un score final de 5-1. Vrai ou faux. Vrai
67%
Neymar a eu son fils Davi à l'age de 19 ans. Vrai ou faux. Vrai
63%
Neymar a déja failli mourrir à 4 mois dans un accident d'auto. Vrai ou faux Vrai
42%
Hakimi est célibataire. Vrai ou faux. Faux
33%
Haaland est un cyborg. Vrai ou faux Faux
31%
Aucun quiz correspondant
Distribution des résultats
% des personnes avec chaque résultat
Percentile par nombre de réponses
Votre historique - résultats
Vous n’avez pas pris ce quiz